UEFA Euro 1992 - Teams - Statistics

General Stats
  • This quiz has been taken 31 times
  • The average score is 7 of 8
Answer Stats
Squadra % Correct
Denmark
100%
England
100%
France
100%
Germany
100%
Sweden
100%
Netherlands
96%
Scotland
78%
CIS
63%
No matching quizzes found
Score Distribution
Percent of People with Each Score
Percentile by Number Answered
Your Score History
You have not taken this quiz